Star Trek: The Next Generation Episodes - Statistics

General Stats
  • This quiz has been taken 43 times
  • The average score is 37 of 177
Answer Stats
Season Number Answer % Correct
1 1/2 Encounter at Farpoint
87%
1 3 The Naked Now
63%
1 4 Code of Honor
53%
3 26 The Best of Both Worlds
53%
2 1 The Child
53%
1 13 Datalore
50%
5 25 The Inner Light
47%
5 26 Time's Arrow
47%
4 1 The Best of Both Worlds, Part II
43%
2 9 The Measure Of A Man
43%
7 25 All Good Things... Part I
40%
7 26 All Good Things... Part II
40%
1 25 Conspiracy
40%
4 20 Qpid
40%
2 16 Q Who
40%
6 1 Time's Arrow, Part II
40%
3 4 Who Watches the Watchers
40%
4 3 Brothers
37%
5 2 Darmok
37%
4 11 Data's Day
37%
4 26 Redemption
37%
6 15 Tapestry
37%
1 26 The Neutral Zone
37%
1 24 We'll Always Have Paris
37%
1 10 Hide And Q
33%
5 23 I, Borg
33%
1 8 Justice
33%
1 15 11001001
30%
1 14 Angel One
30%
2 11 Contagion
30%
5 3 Ensign Ro
30%
4 2 Family
30%
4 9 Final Mission
30%
5 1 Redemption, Part II
30%
2 22 Shades of Gray
30%
4 10 The Loss
30%
5 7 Unification, Part I
30%
5 8 Unification, Part II
30%
1 6 Where No One Has Gone Before
30%
2 2 Where Silence Has Lease
30%
2 8 A Matter Of Honor
27%
3 14 A Matter of Perspective
27%
6 10 Chain Of Command, Part I
27%
6 11 Chain Of Command, Part II
27%
3 13 Deja Q
27%
6 26 Descent
27%
5 5 Disaster
27%
3 1 Evolution
27%
7 4 Gambit, Part I
27%
7 5 Gambit, Part II
27%
7 19 Genesis
27%
1 11 Haven
27%
3 24 Ménage à Troi
27%
6 7 Rascals
27%
4 5 Remember Me
27%
1 23 Skin Of Evil
27%
1 9 The Battle
27%
1 12 The Big Goodbye
27%
3 2 The Ensigns of Command
27%
5 6 The Game
27%
3 16 The Offspring
27%
3 3 The Survivors
27%
3 19 Captain's Holiday
23%
7 1 Descent, Part II
23%
2 3 Elementary, Dear Data
23%
6 14 Face Of The Enemy
23%
4 15 First Contact
23%
7 15 Lower Decks
23%
6 4 Relics
23%
4 7 Reunion
23%
3 17 Sins of The Father
23%
4 21 The Drumhead
23%
2 20 The Emissary
23%
5 19 The First Duty
23%
1 5 The Last Outpost
23%
4 19 The Nth Degree
23%
2 18 Up The Long Ladder
23%
5 9 A Matter Of Time
20%
3 6 Booby Trap
20%
7 7 Dark Page
20%
4 8 Future Imperfect
20%
2 5 Loud As A Whisper
20%
7 14 Sub Rosa
20%
3 10 The Defector
20%
3 7 The Enemy
20%
5 17 The Outcast
20%
7 12 The Pegasus
20%
3 8 The Price
20%
2 6 The Schizoid Man
20%
6 6 True Q
20%
3 15 Yesterday's Enterprise
20%
6 16 Birthright, Part I
17%
6 17 Birthright, Part II
17%
5 20 Cost Of Living
17%
4 16 Galaxy's Child
17%
3 21 Hollow Pursuits
17%
4 6 Legacy
17%
7 2 Liaisons
17%
2 19 Manhunt
17%
7 17 Masks
17%
2 21 Peak Performance
17%
3 23 Sarek
17%
6 12 Ship In A Bottle
17%
5 4 Silicon Avatar
17%
2 10 The Dauphin
17%
3 12 The High Ground
17%
3 11 The Hunted
17%
5 13 The Masterpiece Society
17%
2 4 The Outrageous Okona
17%
4 12 The Wounded
17%
6 8 A Fistful of Datas
13%
7 8 Attached
13%
4 14 Clues
13%
4 13 Devil's Due
13%
4 22 Half a Life
13%
1 20 Heart of Glory
13%
7 3 Interface
13%
1 7 Lonely Among Us
13%
2 15 Pen Pals
13%
7 24 Preemptive Strike
13%
6 18 Starship Mine
13%
4 4 Suddenly Human
13%
1 22 Symbiosis
13%
1 21 The Arsenal of Freedom
13%
3 5 The Bonding
13%
6 20 The Chase
13%
4 23 The Host
13%
2 14 The Icarus Factor
13%
3 22 The Most Toys
13%
5 24 The Next Phase
13%
3 9 The Vengeance Factor
13%
2 13 Time Squared
13%
3 20 Tin Man
13%
3 25 Transfigurations
13%
2 7 Unnatural Selection
13%
1 17 When The Bough Breaks
13%
3 18 Allegiance
10%
5 18 Cause And Effect
10%
1 18 Home Soil
10%
5 22 Imaginary Friend
10%
4 25 In Theory
10%
6 3 Man Of The People
10%
5 10 New Ground
10%
4 17 Night Terrors
10%
7 11 Parallels
10%
4 24 The Mind's Eye
10%
2 12 The Royale
10%
1 16 Too Short A Season
10%
5 12 Violations
10%
6 13 Aquiel
7%
1 19 Coming of Age
7%
5 14 Conundrum
7%
7 23 Emergence
7%
5 16 Ethics
7%
5 11 Hero Worship
7%
7 13 Homeward
7%
4 18 Identity Crisis
7%
6 19 Lessons
7%
5 15 Power Play
7%
6 23 Rightful Heir
7%
2 17 Samaritan Snare
7%
6 5 Schisms
7%
6 24 Second Chances
7%
6 25 Timescape
7%
7 22 Bloodlines
3%
7 18 Eye of the Beholder
3%
7 9 Force of Nature
3%
6 21 Frame of Mind
3%
7 10 Inheritance
3%
7 20 Journey's End
3%
7 6 Phantasms
3%
6 2 Realm Of Fear
3%
6 22 Suspicions
3%
5 21 The Perfect Mate
3%
6 9 The Quality of Life
3%
7 16 Thine Own Self
3%
7 21 Firstborn
0%
No matching quizzes found
Score Distribution
Percent of People with Each Score
Percentile by Number Answered
Your Score History
You have not taken this quiz